000 00233nam a2200097Ia 4500
008 240331s9999 xx 000 0 und d
082 _bWOM
100 _aYogoslavia Collection. ed
245 0 _aWomen living under muslim laws
942 _cL
999 _c2830
_d2830